Sports Quiz

Random Sports Quiz

Multiple Stanley Cup playoff meetings (2000s) Quiz Stats

Quiz not verified by Sporcle

Challenge
Share
Tweet
Embed
Score 0/34 Timer 14:00
0 Plays Today
Conference Teams % Correct
Western ConferenceColorado Avalanche - Detroit Red Wings
92%
Inter-ConferenceDetroit Red Wings - Pittsburgh Penguins
84%
Eastern ConferenceBoston Bruins - Montreal Canadiens
76%
Eastern ConferenceNew Jersey Devils - New York Rangers
76%
Eastern ConferencePhiladelphia Flyers - Pittsburgh Penguins
76%
Western ConferenceAnaheim Ducks - Detroit Red Wings
72%
Eastern ConferenceNew Jersey Devils - Philadelphia Flyers
72%
Eastern ConferencePittsburgh Penguins - Washington Capitals
72%
Eastern ConferenceBuffalo Sabres - Philadelphia Flyers
68%
Eastern ConferenceOttawa Senators - Toronto Maple Leafs
68%
Western ConferenceAnaheim Ducks - Dallas Stars
64%
Western ConferenceCalgary Flames - Detroit Red Wings
64%
Western ConferenceDallas Stars - San Jose Sharks
64%
Eastern ConferenceNew Jersey Devils - Ottawa Senators
64%
Western ConferenceCalgary Flames - San Jose Sharks
60%
Western ConferenceColorado Avalanche - Minnesota Wild
60%
Western ConferenceDetroit Red Wings - Los Angeles Kings
60%
Conference Teams % Correct
Western ConferenceSt. Louis Blues - Vancouver Canucks
60%
Eastern ConferenceBuffalo Sabres - Ottawa Senators
60%
Eastern ConferenceNew Jersey Devils - Toronto Maple Leafs
60%
Eastern ConferencePhiladelphia Flyers - Toronto Maple Leafs
60%
Western ConferenceColorado Avalanche - Dallas Stars
56%
Western ConferenceColorado Avalanche - Los Angeles Kings
52%
Western ConferenceColorado Avalanche - San Jose Sharks
52%
Eastern ConferenceCarolina Hurricanes - New Jersey Devils
52%
Eastern ConferenceNew Jersey Devils - Tampa Bay Lightning
52%
Western ConferenceDallas Stars - Edmonton Oilers
48%
Western ConferenceDetroit Red Wings - Nashville Predators
48%
Western ConferenceSan Jose Sharks - St. Louis Blues
48%
Eastern ConferenceCarolina Hurricanes - Montreal Canadiens
48%
Western ConferenceAnaheim Ducks - Minnesota Wild
44%
Eastern ConferenceOttawa Senators - Pittsburgh Penguins
44%
Eastern ConferenceOttawa Senators - Philadelphia Flyers
36%
Western ConferenceNashville Predators - San Jose Sharks
32%

You're not logged in!

Compare scores with friends on all Sporcle quizzes.
Sign Up with Email
OR
Log In

You Might Also Like...

Show Comments

Extras

Top Quizzes Today


Score Distribution

Your Account Isn't Verified!

In order to create a playlist on Sporcle, you need to verify the email address you used during registration. Go to your Sporcle Settings to finish the process.